LEADER 00900nam0 2200301 450 001 000023077 005 20090217115001.0 010 $a88-15-00040-2 100 $a20090217d1983----km-y0itay50------ba 101 0 $aita 102 $aIT 105 $ay-------001yy 200 1 $a<>societą complesse$fcontributi di P. Schmitter ... [et al.]$ga cura di Gianfranco Pasquino 210 $aBologna$cIl mulino$d1983 215 $a273 p.$d22 cm 225 2 $aStudi e ricerche$v153 410 0$12001$aStudi e ricerche 500 10$a<>societą complesse$960171 610 1 $aSocietą$aSec. 20. 676 $a301.5$v18 676 $a306.0904$v19 702 1$aPasquino,$bGianfranco 702 1$aSchmitter,$bPhilippe 801 0$aIT$bUNIPARTHENOPE$c20090217$gRICA$2UNIMARC 912 $a000023077 951 $a032/79$b3437$cNAVA2$d2009 996 $aSocietą complesse$960171 997 $aUNIPARTHENOPE LEADER 01286nam 2200421 450 001 9910155155303321 005 20200520144314.0 010 $a1-62412-081-4 035 $a(CKB)3710000000973062 035 $a(MiAaPQ)EBC4872439 035 $a(Au-PeEL)EBL4872439 035 $a(CaPaEBR)ebr11396690 035 $a(OCoLC)990317211 035 $a(EXLCZ)993710000000973062 100 $a20170711h20162016 uy 0 101 0 $aeng 135 $aurcnu|||||||| 181 $2rdacontent 182 $2rdamedia 183 $2rdacarrier 200 00$aBrief encounters $eearly reports of Korea by westerners /$fcompiled and edited by Brother Anthony of Taize? and Robert Neff 210 1$aIrvine, California :$cSeoul Selection,$d2016. 210 4$d©2016 215 $a1 online resource (362 pages) $cillustrations, maps 311 $a1-62412-078-4 607 $aKorea$xSocial life and customs$y1392-1910 607 $aKorea$xEmigration and immigration$xHistory 608 $aElectronic books. 676 $a951.902 702 $aAnthony$cof Taize?, Brother,$f1942- 702 $aNeff$b Robert 801 0$bMiAaPQ 801 1$bMiAaPQ 801 2$bMiAaPQ 906 $aBOOK 912 $a9910155155303321 996 $aBrief encounters$91740792 997 $aUNINA